Perkembangan perhubungan awam kerajaan dan politik di Malaysia

History and development of public relations and politics in Malaysia

Main Author: Mohd Hamdan Adnan
Language:Malay
Published: Shah Alam: Pusat Penerbitan Universiti (UPENA), Universiti Teknologi MARA, 2008.
Subjects:
LEADER 00865cam a2200205 7i4500
001 0000099152
005 20120814090000.0
008 120808s2008 my may
020 # 0 |a 9789673050833  
090 0 0 |a JQ 1062 .A69   |b M63 2008 
100 0 # |a Mohd Hamdan Adnan  
245 1 0 |a Perkembangan perhubungan awam kerajaan dan politik di Malaysia   |c Mohd Hamdan Adnan. 
260 # # |a Shah Alam:   |b Pusat Penerbitan Universiti (UPENA), Universiti Teknologi MARA,   |c 2008. 
300 # # |a xx, 419 p.:   |b ill., maps;   |c 22 cm.. 
504 0 0 |a Includes bibliographical references and index 
520 0 # |a History and development of public relations and politics in Malaysia 
590 # # |a Fakulti Pembangunan Sosial, FPS 
650 0 0 |a Public relations and politics --   |z Malaysia  
651 0 0 |a Malaysia --   |x Politics and government  
999 |a 1100085877  |b Book  |c Open Shelf  |e KOLEKSI TERBUKA